00222nam a2200085Ia 4500008004100000041000800041100002000049245002500069260004200094230206s9999 xx 000 0 und d aeng aMurthy E N, Ed. aThe Accounting World c2010bThe ICFAI UniversityaHyderabad